La Flor del valle (Record no. 173776)

MARC details
000 -LEADER
campo de control de longitud fija 00876namaa2200193 i 4500
001 - NÚMERO DE CONTROL
campo de control 173776
003 - IDENTIFICADOR DE NÚMERO DE CONTROL
campo de control ES-MaACL
005 - FECHA Y HORA DE LA ÚLTIMA TRANSACCIÓN
campo de control 20230906215337.0
008 - DATOS DE LONGITUD FIJA--INFORMACIÓN GENERAL
campo de control de longitud fija 100118s1853 sp |||| | spa d
040 ## - FUENTE DE CATALOGACIÓN
Centro catalogador/agencia de origen SpMaBN
Lengua de catalogación spa
Centro/agencia transcriptor PAB
100 1# - ENTRADA PRINCIPAL--NOMBRE DE PERSONA
Nombre de persona Ariza, Juan de.
9 (RLIN) 141983
245 13 - MENCIÓN DEL TÍTULO
Título La Flor del valle
Resto del título : zarzuela en un acto y en verso /
Mención de responsabilidad, etc. original de Juan de Ariza; música de Luís Arche.
260 ## - PUBLICACIÓN, DISTRIBUCIÓN, ETC.
Lugar de publicación, distribución, etc. Madrid :
Nombre del editor, distribuidor, etc. Círculo Literario Comercial,
Fecha de publicación, distribución, etc. 1853 (
Fabricante Imprenta á cargo de C. Gonzalez)
300 ## - DESCRIPCIÓN FÍSICA
Extensión 36 p. ;
Dimensiones 21 cm.
505 8# - NOTA DE CONTENIDO CON FORMATO
Nota de contenido con formato Sólo la letra
594 ## - Nota al título y mención de responsabilidad
Nota al título y mención de responsabilidad En port.: estrenada en el teatro del Príncipe, el día 27 de marzo de 1853.
700 1# - ENTRADA AGREGADA--NOMBRE PERSONAL
Nombre de persona Arche, Luis Vicente.
9 (RLIN) 139696
852 ## - LOCALIZACIÓN
Ubicación ES-MaACL
Número de control de estantería B-8603(16)
Nota libre .- Enc. pasta española
condición física .- Falto de la port. original
Nota libre .- Enc. en un vol. facticio formando parte de la col. facticia "Teatro español moderno", vol. 56
Holdings
Estatus retirado Estado de pérdida Estado de daño No para préstamo Colección Biblioteca de origen Biblioteca actual Ubicación en estantería Fecha de adquisición Fuente de adquisición Total de préstamos Signatura topográfica completa Código de barras Visto por última vez Precio de reemplazo Tipo de ítem Koha
        Libros del s. XIX Biblioteca del Ateneo de Madrid Biblioteca del Ateneo de Madrid Sala Pardo Bazán 18/01/2010     B-8603(16) 1182406 23/02/2023 23/02/2023 Libro impreso antiguo